|
|
|
|
| LEADER |
02132nam a2200421 i 4500 |
| 001 |
33455 |
| 003 |
BD-DhAAL |
| 005 |
20250623155510.0 |
| 008 |
180724t2017 ii a b 001 0 eng d |
| 010 |
|
|
|a 2016362498
|
| 020 |
|
|
|a 9780199474417 (hardback)
|
| 020 |
|
|
|a 0199474419 (hardback)
|
| 025 |
|
|
|a I-E-2016362498 ; 69-92
|
| 037 |
|
|
|b Library of Congress -- New Delhi Overseas Office
|
| 040 |
|
|
|a DKAGE
|b eng
|c DKAGE
|e rda
|d BDX
|d BTCTA
|d OCLCF
|d OCLCO
|d YDX
|d DLC
|d BD-DhAAL
|
| 042 |
|
|
|a lccopycat
|a lcode
|
| 043 |
|
|
|a a-ii---
|
| 050 |
0 |
0 |
|a H62.5.I5
|b S637 2017
|
| 082 |
0 |
4 |
|a 300.72054
|2 23
|
| 245 |
0 |
0 |
|a Social science research in India :
|b status, issues, and policies /
|c edited by Sukhadeo Thorat and Samar Verma.
|
| 250 |
|
|
|a First edition.
|
| 260 |
|
|
|a New Delhi, India :
|b Oxford University Press,
|c c2017.
|
| 300 |
|
|
|a xxvii, 613 pages :
|b illustrations (black and white) ;
|c 23 cm.
|
| 500 |
|
|
|a Copyright: Indian Council of Social Science Research.
|
| 504 |
|
|
|a Includes bibliographical references and index.
|
| 520 |
|
|
|a
This volume elaborates on various dimensions of social science research in India, presenting a strong case for designing a comprehensive national social science policy which can meaningfully strengthen and promote a research ecosystem for improved public policymaking in the country. Addressing issues like lack of funding, availability of data, infrastructure and quality of research output, it will serve as a national benchmark and reference database for social sciences in India.
|
| 526 |
|
|
|a AAL
|
| 541 |
|
|
|a complimentary copy
|e 33455
|
| 650 |
|
0 |
|a Research
|z India.
|9 27586
|
| 650 |
|
0 |
|a Social sciences.
|
| 651 |
|
0 |
|a India
|x Social policy.
|9 27587
|
| 700 |
1 |
|
|a Thorat, Sukhadeo,
|e editor.
|9 27588
|
| 700 |
1 |
|
|a Verma, Samar,
|e editor.
|9 27589
|
| 710 |
2 |
|
|a Indian Council of Social Science Research.
|9 27590
|
| 852 |
|
|
|a Ayesha Abed Library
|c General Stacks
|
| 942 |
|
|
|2 ddc
|c BK
|
| 999 |
|
|
|c 39963
|d 39963
|
| 952 |
|
|
|0 0
|1 0
|2 ddc
|4 0
|6 300_720540000000000_SOC
|7 0
|9 64026
|a BRACUL
|b BRACUL
|c GEN
|d 2018-07-24
|e Complimentary copy
|l 0
|o 300.72054 SOC
|p 3010033455
|r 2018-07-24
|t 1
|w 2018-07-24
|y BK
|